Statistics for Burnley F.C. Goalscorers in 2019-20 Premier League

Click here to take the quiz!

General Stats

  • This quiz has been taken 16 times
  • The average score is 8 of 11

Answer Stats

Number of GoalsPlayer% Correct
6Ashley Barnes
100%
1Ben Mee
100%
14Chris Wood
100%
2Dwight McNeil
91%
2James Tarkowski
91%
8Jay Rodriguez
82%
2Matěj Vydra
64%
2Ashley Westwood
55%
1Jóhann Berg Guðmundsson
55%
2Jeff Hendrick
45%
1Robbie Brady
45%

Score Distribution

Percentile by Number Answered

Percent of People with Each Score

Your Score History

You have not taken this quiz